000 00445nam a2200181Ia 4500
005 20240823063039.0
008 240823s9999||||xx |||||||||||||| ||und||
041 _aENGLISH
082 _A004 N5
100 _aKapoor V K
245 0 _aFundamentals of Electronic Data Processing
250 _a1st
260 _c1995
_b"S.Chand,New Delhi"
500 _aYES
650 _aData Process
_bComputer Applications
942 _cBK
999 _c237321
_d237321